A history of English : (رقم التسجيلة. 40383)

تفاصيل مارك
000 -الفاتح
حقل البيانات ثابتة الطول 01382cam a2200325 a 4500
001 - رقم الضبط
رقم الضبط 12082551
003 - محدد رقم الضبط
رقم الضبط OSt
005 - وقت وتاريخ اخر تعامل مع التسجيلة
رقم الضبط 20170804210004.0
008 - عناصر البيانات ثابتة الطول - معلومات عامة
حقل البيانات ثابتة الطول 000627s2001 enkab b 001 0 eng
010 ## - رقم ضبط مكتبة الكونجرس
رقم ضبط مكتبة الكونجرس 00057918
020 ## - الرقم الدولى المعيارى للكتب
الرقم الدولى المعيارى للكتاب 063120072X (acidfree paper)
020 ## - الرقم الدولى المعيارى للكتب
الرقم الدولى المعيارى للكتاب 0631200738 (pbk. : acidfree paper)
020 ## - الرقم الدولى المعيارى للكتب
الرقم الدولى المعيارى للكتاب 9780631200734
040 ## - مصدر الفهرسة
وكالة الفهرسة الأصلية DLC
وكالة النسخ DLC
وكالة التعديل DLC
050 00 - رقم طلب مكتبة الكونجرس
رقم التصنيف PE1075
رقم المادة .F39 2001
082 00 - رقم تصنيف ديوى العشرى
رقم التصنيف 420.9
رقم الطبعة 21
رقم المادة FBH
100 1# - المدخل الرئيسى - إسم شخصى
الإسم الشخصى Fennell, Barbara A.
9 (RLIN) 58367
245 12 - بيان العنوان
العنوان A history of English :
بقية العنوان a sociolinguistic approach /
بيان المسئوليه,etc Barbara A. Fennell.
260 ## - PUBLICATION, DISTRIBUTION, ETC. (IMPRINT)
مكان الناشر او الموزع Oxford, UK ;
-- Malden, Mass. :
اسم الناشر او الموزع Blackwell Publishers,
تاريخ النشر أو التوزيع 2001.
300 ## - الوصف المادى
التعداد xi, 284 p. :
تفاصيل ماديه اخرى للوعاء ill., maps ;
أبعاد الوعاء 26 cm.
440 #0 - بيان السلسلة/مدخل إضافى-العنوان
العنوان Blackwell textbooks in linguistics ;
رقم المجلد/ التعيين التسلسلي 17
9 (RLIN) 56293
504 ## - تبصرة ببليوجرافية
تبصرة ببليوجرافية,الخ Includes bibliographical references (p. [270]-279) and index.
650 #0 - المدخل الاضافى بالموضوع-مصطلح موضوعى
مصطلح موضوعي أو اسم جغرافي كعنصر مدخل English language
التقسيم الفرعي العام History.
9 (RLIN) 39280
650 #0 - المدخل الاضافى بالموضوع-مصطلح موضوعى
مصطلح موضوعي أو اسم جغرافي كعنصر مدخل English language
التقسيم الفرعي العام Social aspects.
9 (RLIN) 58368
650 #0 - المدخل الاضافى بالموضوع-مصطلح موضوعى
مصطلح موضوعي أو اسم جغرافي كعنصر مدخل Language and culture
التقسيم الفرعي الجغرافي English-speaking countries.
9 (RLIN) 45005
856 42 - الوصول و الموقع الالكترونى
مواد محددة Book review (H-Net)
معرف المصدر الموحد <a href="http://www.h-net.org/review/hrev-a0c3m9-aa">http://www.h-net.org/review/hrev-a0c3m9-aa</a>
906 ## - عنصر بيانات محلى F, LDF (RLIN)
a 7
b cbc
c orignew
d 1
e ocip
f 20
g y-gencatlg
942 ## - عناصر المدخل الإضافي( كوها)
مصدر التصنيف او مخطط الترفيف Dewey Decimal Classification
Koha [default] item type كتاب
المقتنيات
حالة الفقد نموذج السعر الفعال حالة تلف ليس للاعارة رقم الطلب تاريخ الاكتساب الموقع الحالي الباركود الفرع الرئيسي Date last seen نوع المادة فى نظام كوها مصدر التصنيف او خطة الترفيف Total Checkouts Date last checked out
  2017-08-03     420.9 FBH 2017-08-03 المكتبة المركزية بالمجمعة (CL) 00656029 المكتبة المركزية بالمجمعة (CL) 2017-08-03 كتاب Dewey Decimal Classification    
  2017-08-03     420.9 FBH 2017-08-03 المكتبة المركزية بالمجمعة (CL) 00656030 المكتبة المركزية بالمجمعة (CL) 2025-02-27 كتاب Dewey Decimal Classification 1 2025-01-21
  2017-08-03     420.9 FBH 2017-08-03 المكتبة المركزية بالمجمعة (CL) 00656031 المكتبة المركزية بالمجمعة (CL) 2017-08-03 كتاب Dewey Decimal Classification    
  2017-08-04     420.9 FBH 2017-08-04 مكتبة كلية العلوم و الدراسات الإنسانية برماح - طالبات (SRF) 00656603 مكتبة كلية العلوم و الدراسات الإنسانية برماح - طالبات (SRF) 2019-09-11 كتاب Dewey Decimal Classification 2 2019-01-13
  2017-08-04     420.9 FBH 2017-08-04 مكتبة كلية العلوم و الدراسات الإنسانية برماح - طالبات (SRF) 00656604 مكتبة كلية العلوم و الدراسات الإنسانية برماح - طالبات (SRF) 2017-08-04 كتاب Dewey Decimal Classification    
  2017-08-06     420.9 FBH 2017-08-06 مكتبة كلية العلوم و الدراسات الإنسانية برماح - طلاب (SRM) 00656605 مكتبة كلية العلوم و الدراسات الإنسانية برماح - طلاب (SRM) 2017-08-06 كتاب Dewey Decimal Classification    
  2017-08-06     420.9 FBH 2017-08-06 مكتبة كلية العلوم و الدراسات الإنسانية برماح - طلاب (SRM) 00656606 مكتبة كلية العلوم و الدراسات الإنسانية برماح - طلاب (SRM) 2017-08-06 كتاب Dewey Decimal Classification